00680 2200265 4500001002100000005001700021008004100038035002400079082001100103090001800114100001500132245004800147260002600195300002100221500002800242650003500270850001500305980001300320985000600333999001500339999001500354999001500369999001500384999001500399YOGYA-0209000003234320090227024657.0 ind  0010-020900000032343 a342.02 a342.02bGau H aGAUTAMA, S aHimpunan undang-undang pokok RIcS. Gautama aBandungbAlumnic1973 a... jilidc22 cm aYang diterima : jilid 2 aIndonesia - Perundang-undangan aYOPDYOG(B) a08-12-06 a5 a06A0016206 a06A0016207 a06A0016208 a06A0016209 a06A0016210